En quelle année sont sorties ces musique ? (Rap Fr) Niveau débutant - Statistiques

Statistiques générales
  • Ce quiz a été pris 932 fois
  • Le résultat moyen est 13 sur 15
Statistiques - réponses
Titre Année % Correct
Rim'K - Air Max ft. Ninho 2018
98%
Ninho - Maman ne le sait pas feat. Niska 2019
96%
Gambi - HÉ OH 2020
96%
Jul - Dans ma paranoïa 2014
95%
Niska - Bâtiment 2019
93%
Kaaris - Or Noir 2013
90%
Koba LaD - Freestyle Ténébreux #1 2017
87%
Damso - Smog 2018
87%
Koba LaD - Tue ça Feat. SDM, Guy2bezbar 2021
87%
Freeze Corleone - Freeze Raël 2020
86%
Booba - 92i Veyron 2015
79%
Zola - Bro Bro 2020
74%
Kalash Criminel, Kaaris - Arrêt du cœur 2016
69%
MHD - AFRO TRAP Part.7 (La Puissance) 2016
62%
Hornet La Frappe - Maghrébin 2017
59%
Aucun quiz correspondant
Distribution des résultats
% des personnes avec chaque résultat
Percentile par nombre de réponses
Votre historique - résultats
Vous n’avez pas pris ce quiz